| 000 | 00536nam a22001817a 4500 | ||
|---|---|---|---|
| 999 |
_c525199 _d525199 |
||
| 003 | NUST | ||
| 020 | _a9694962404 | ||
| 038 | _aZafar Malik | ||
| 082 |
_a954.91 _bFAT |
||
| 100 |
_aFateh Muhammad Malik Prof. _915944 |
||
| 245 |
_aKhita-e-Khak Ya Arz-e-Pak ? _cProf. Fateh Muhammad Malik |
||
| 260 |
_aIslamabad : _bDost Publications ; _c2004. |
||
| 300 | _a186 p. ; | ||
| 500 | _aHardcover | ||
| 880 |
_6100-02\r _aپروفیسر فتح محمد ملک |
||
| 880 |
_6245-02\r _aخطہ خاک یا ارض پاک؟ |
||
| 942 |
_2ddc _cBK |
||